000 00309nam a22001337a 4500
008 170929b xxu||||| |||| 00| 0 eng d
020 _a9780673521972
041 _aeng
080 _a37
100 _a47
101 _aEDU
245 _aAN INTRODUCTION TO SPECIAL EDUCATION
_cBLACKURST, A.E
942 _2udc
_cBK
999 _c30783
_d30783